[Event "Steinfurt Bezirksklasse 0910"]
[Site "Germany"]
[Date "2010.02.06"]
[Round "4.6"]
[White "Menz, Tobias"]
[Black "Nattkaemper, Johann"]
[Result "1/2-1/2"]
[WhiteElo "1279"]
[BlackElo "1180"]
[PlyCount "66"]
[EventDate "2009.09.26"]
[EventType "team-tourn"]
[EventRounds "7"]
[EventCountry "GER"]
[SourceTitle "EXT 2011"]
[Source "ChessBase"]
[SourceDate "2010.11.26"]
[SourceVersion "1"]
[SourceVersionDate "2010.11.26"]
[SourceQuality "1"]
[WhiteTeam "Saerbeck III"]
[BlackTeam "Ibbenbueren III"]
[WhiteTeamCountry "GER"]
[BlackTeamCountry "GER"]

1. d4 d5 2. c4 e6 3. Nc3 c5 4. Nf3 Nc6 5. cxd5 Nxd4 6. Nxd4 cxd4 7. Qxd4 Nf6 8. e4 b6 9. Bg5 Be7 10. Bb5+ Bd7 11. Bxd7+ Qxd7 12. Bxf6 Bxf6 13. e5 Bg5 14. f4 Bh6 15. d6 0-0 16. 0-0 f6 17. Rae1 Rad8 18. Rd1 b5 19. Ne4 fxe5 20. Qxe5 Rf5 21. Nc5 Qf7 22. Qe3 Bxf4 23. Qxe6 Rf8 24. Qxf7+ R8xf7 25. d7 Be3+ 26. Rf2 Bxf2+ 27. Kh1 Rxd7 28. Nxd7 a5 29. Rf1 Rd5 30. g4 Rd2 31. Ne5 Bd4 32. Nf3 Rf2 33. Rxf2 Bxf2 1/2-1/2

[Event "Steinfurt Bezirksklasse 0708"]
[Site "Germany"]
[Date "2008.04.05"]
[Round "7.3"]
[White "Krueler, Andreas"]
[Black "Menz, Tobias"]
[Result "1/2-1/2"]
[WhiteElo "1529"]
[BlackElo "1417"]
[PlyCount "33"]
[EventDate "2007.10.13"]
[EventType "team-tourn"]
[EventRounds "7"]
[EventCountry "GER"]
[SourceTitle "EXT 2009"]
[Source "ChessBase"]
[SourceDate "2008.11.26"]
[SourceVersion "1"]
[SourceVersionDate "2008.11.26"]
[SourceQuality "1"]
[WhiteTeam "Steinfurt IV"]
[BlackTeam "Saerbeck III"]
[WhiteTeamCountry "GER"]
[BlackTeamCountry "GER"]

1. e4 e5 2. Bc4 Nf6 3. d3 Nc6 4. Nf3 Be7 5. Nc3 d6 6. Be3 Bg4 7. h3 Bh5 8. g4 Bg6 9. Qd2 0-0 10. g5 Nd7 11. Nd5 Kh8 12. Nxe7 Nxe7 13. Nh4 Bh5 14. f3 c6 15. 0-0-0 d5 16. Bb3 d4 17. Bg1 1/2-1/2

[Event "Steinfurt Bezirksliga 0506"]
[Site "Germany"]
[Date "2006.03.09"]
[Round "7.6"]
[White "Menz, Tobias"]
[Black "Van Dam, Hans"]
[Result "0-1"]
[WhiteElo "1316"]
[BlackElo "1580"]
[PlyCount "68"]
[EventDate "2005.09.24"]
[EventType "team-tourn"]
[EventRounds "9"]
[EventCountry "GER"]
[SourceTitle "EXT 2006"]
[Source "ChessBase"]
[SourceDate "2005.11.24"]
[SourceVersion "1"]
[SourceVersionDate "2005.11.24"]
[SourceQuality "1"]
[WhiteTeam "Falke Saerbeck III"]
[BlackTeam "Berlin Klein Rheine II"]
[WhiteTeamCountry "GER"]
[BlackTeamCountry "GER"]

1. d4 d5 2. c4 e5 3. dxe5 d4 4. Nf3 Nc6 5. g3 Be6 6. Qa4 Qd7 7. Qc2 f6 8. exf6 Nxf6 9. Bg2 Bf5 10. Qd1 0-0-0 11. 0-0 h6 12. Bd2 g5 13. a3 Bh3 14. b4 Bxg2 15. Kxg2 Ne4 16. b5 Ne7 17. Qa4 Kb8 18. Rc1 Nc5 19. Qb4 Ng6 20. Qb2 Bg7 21. Qa2 d3 22. Bc3 dxe2 23. Qxe2 Nb3 24. Qb2 Bxc3 25. Nxc3 Nxa1 26. Rxa1 g4 27. Nh4 Nxh4+ 28. gxh4 Qf5 29. Qe2 Rde8 30. Qd1 Rhf8 31. Ra2 Qf6 32. Nd5 Qxh4 33. Qd4 Qh3+ 34. Kg1 Re1# 0-1

[Event "Steinfurt Bezirksliga 0506"]
[Site "Germany"]
[Date "2005.11.19"]
[Round "3.8"]
[White "Hartmann, Eugen"]
[Black "Menz, Tobias"]
[Result "1-0"]
[WhiteElo "1694"]
[BlackElo "1316"]
[PlyCount "105"]
[EventDate "2005.09.24"]
[EventType "team-tourn"]
[EventRounds "9"]
[EventCountry "GER"]
[SourceTitle "EXT 2006"]
[Source "ChessBase"]
[SourceDate "2005.11.24"]
[SourceVersion "1"]
[SourceVersionDate "2005.11.24"]
[SourceQuality "1"]
[WhiteTeam "Ibbenbueren II"]
[BlackTeam "Falke Saerbeck III"]
[WhiteTeamCountry "GER"]
[BlackTeamCountry "GER"]

1. d4 d5 2. c4 e6 3. Nc3 Nf6 4. Bg5 Nbd7 5. e3 c6 6. a3 dxc4 7. Bxc4 Qa5 8. Bxf6 Nxf6 9. Nge2 Bd6 10. Qd3 0-0 11. Ng3 b5 12. Ba2 b4 13. axb4 Bxb4 14. 0-0 Ba6 15. Bc4 Bxc4 16. Qxc4 Qb6 17. Ra6 Qb7 18. Qxc6 Qxc6 19. Rxc6 Rfc8 20. Rxc8+ Rxc8 21. Rc1 Nd5 22. Na2 Rxc1+ 23. Nxc1 Nb6 24. Nd3 a5 25. b3 Kf8 26. Ne4 Ke7 27. Nxb4 axb4 28. Nc5 Kd6 29. Nd3 Nd5 30. g4 f6 31. Kg2 e5 32. e4 Nc3 33. dxe5+ fxe5 34. Kf3 Nb5 35. Nxb4 Nd4+ 36. Ke3 Nxb3 37. f4 exf4+ 38. Kxf4 Nc5 39. Nc2 Ne6+ 40. Kf5 g6+ 41. Kf6 Nc5 42. e5+ Kd7 43. Nd4 Ne4+ 44. Kg7 h5 45. Kxg6 hxg4 46. Kf5 g3 47. e6+ Ke8 48. h4 g2 49. Nf3 Ng3+ 50. Kg4 Ne2 51. h5 g1Q+ 52. Nxg1 Nxg1 53. h6 1-0

[Event "Steinfurt Bezirksklasse 0405"]
[Site "Germany"]
[Date "2005.01.29"]
[Round "6.7"]
[White "Menz, Tobias"]
[Black "Kleist, Fred"]
[Result "1-0"]
[WhiteElo "1305"]
[BlackElo "1200"]
[PlyCount "63"]
[EventDate "2004.09.18"]
[EventType "team-tourn"]
[EventRounds "11"]
[EventCountry "GER"]
[SourceTitle "EXT 2006"]
[Source "ChessBase"]
[SourceDate "2005.11.24"]
[SourceVersion "1"]
[SourceVersionDate "2005.11.24"]
[SourceQuality "1"]
[WhiteTeam "Saerbeck IV"]
[BlackTeam "Westerkappeln II"]
[WhiteTeamCountry "GER"]
[BlackTeamCountry "GER"]

1. d4 Nf6 2. c4 d6 3. Nc3 c6 4. e4 h6 5. Nf3 Bg4 6. Be2 Bh5 7. 0-0 Bg4 8. h3 Bd7 9. Qc2 Na6 10. Re1 e6 11. Bf4 Qb6 12. e5 Nb4 13. Qb3 Nfd5 14. cxd5 Nxd5 15. Qxb6 Nxb6 16. exd6 f6 17. Bd3 0-0-0 18. Rac1 g5 19. Bh2 Bg7 20. Nb5 Kb8 21. Nc7 Rc8 22. Nxe6 Bxe6 23. d7+ Rc7 24. Bxc7+ Kxc7 25. Rxe6 Nxd7 26. Re7 Bf8 27. Rf7 Bd6 28. Bf5 Bf4 29. Rxd7+ Kb6 30. Rc3 a6 31. Rb3+ Ka5 32. Rdxb7 1-0

[Event "Steinfurt Bezirksklasse 0405"]
[Site "Germany"]
[Date "2004.10.09"]
[Round "2.4"]
[White "Menz, Tobias"]
[Black "Wehrmeyer, Michael"]
[Result "1-0"]
[WhiteElo "1305"]
[BlackElo "1206"]
[PlyCount "57"]
[EventDate "2004.09.18"]
[EventType "team-tourn"]
[EventRounds "11"]
[EventCountry "GER"]
[SourceTitle "EXT 2006"]
[Source "ChessBase"]
[SourceDate "2005.11.24"]
[SourceVersion "1"]
[SourceVersionDate "2005.11.24"]
[SourceQuality "1"]
[WhiteTeam "Saerbeck IV"]
[BlackTeam "Steinfurt IV"]
[WhiteTeamCountry "GER"]
[BlackTeamCountry "GER"]

1. d4 d5 2. c4 Nf6 3. Nf3 Bf5 4. Nc3 e6 5. Nh4 dxc4 6. Nxf5 exf5 7. e3 Bb4 8. Bxc4 0-0 9. 0-0 Nc6 10. Qb3 a5 11. Nd5 a4 12. Nxf6+ Qxf6 13. Qc2 Bd6 14. Bd2 Qh6 15. h3 f4 16. exf4 Nxd4 17. Qe4 Nc6 18. Rfe1 Bc5 19. Be3 Bxe3 20. fxe3 Rfe8 21. Qd5 Re7 22. Rad1 g6 23. Qb5 Qh4 24. Qxb7 Rd8 25. Qxc6 Rxd1 26. Rxd1 Rxe3 27. Qd5 Qxf4 28. Rf1 c6 29. Qd8+ 1-0

[Event "Steinfurt Bezirksklasse 0405"]
[Site "Germany"]
[Date "2004.09.18"]
[Round "1.6"]
[White "Schroerluecke, Dieter"]
[Black "Menz, Tobias"]
[Result "1-0"]
[WhiteElo "1292"]
[BlackElo "1305"]
[PlyCount "72"]
[EventDate "2004.09.18"]
[EventType "team-tourn"]
[EventRounds "11"]
[EventCountry "GER"]
[SourceTitle "EXT 2006"]
[Source "ChessBase"]
[SourceDate "2005.11.24"]
[SourceVersion "1"]
[SourceVersionDate "2005.11.24"]
[SourceQuality "1"]
[WhiteTeam "Ibbenbueren III"]
[BlackTeam "Saerbeck IV"]
[WhiteTeamCountry "GER"]
[BlackTeamCountry "GER"]

1. d4 d5 2. c4 e6 3. Nc3 Bb4 4. Qc2 Nc6 5. Nf3 h6 6. e3 Nf6 7. Bd3 dxc4 8. Bxc4 Ne4 9. Qxe4 Qd6 10. 0-0 0-0 11. Nb5 Qd7 12. Ne5 Nxe5 13. Qxe5 Bd6 14. Nxd6 cxd6 15. Qb5 Qc7 16. e4 Bd7 17. Qb3 Rac8 18. Bb5 Bxb5 19. Qxb5 a6 20. Qh5 Kh7 21. Bf4 Qb6 22. Rfd1 Rc7 23. g4 f6 24. h4 e5 25. dxe5 dxe5 26. Bc1 Rc2 27. Rf1 Rfc8 28. g5 fxg5 29. hxg5 R8c6 30. gxh6 Rg6+ 31. Kh1 gxh6 32. Qxe5 Rxf2 33. Rxf2 Qxf2 34. Qe7+ Rg7 35. Bg5 Rxe7 36. Bxe7 Qf3+ 1-0